003540000a22001210004500090001700000245005600017041001400073700002800087100002700115942001300142773006000155999001700215 aASbSeriadas10aInteresante adición a las Bombacaceas de Colombia0 aEspañol1 aRobyns, Andrés9995561 aDugand, Armando999113 cARTICULO1 tMutisia: Acta Botánica Colombiana3893h31q1-3d1968 c15259d15259